Analýza vybraného segmentu trhu IS/IT bakalárska práca

Na minha lista:
Detalhes bibliográficos
Autor principal: Fúčelová, Martina
Autor Corporativo: Fakulta podnikového manažmentu EU. Katedra informačného manažmentu
Outros Autores: Hamranová, Anna, 1957-
Formato: Livro
Idioma:eslovaco
Publicado em: Bratislava 2011
Tags: Adicionar Tag
Sem tags, seja o primeiro a adicionar uma tag!

MARC

LEADER 00000nbm a2200000 4500
001 0131379
005 20161109111421.1
041 0 |a slo 
044 |a SK 
245 1 0 |a Analýza vybraného segmentu trhu IS/IT  |b bakalárska práca  |c Martina Fúčelová ; školiteľ: Anna Hamranová 
264 1 |a Bratislava  |c 2011 
300 |a 50 s. 
100 1 |a Fúčelová, Martina 
700 1 |a Hamranová, Anna, 1957- 
710 2 |a Fakulta podnikového manažmentu EU. Katedra informačného manažmentu